• 首页
  • 本馆介绍
  • 公告通知
  • 最新文献
  • 馆藏检索
  • 电子资源
  • 读者导购
  • 参考咨询
  • 我的图书馆
  • 登录
  • 详细信息显示
  • 放入我的书架
  • 预约/预借图书
  • 作者相关作品
  • 分类相关作品
  • 丛书相关作品
  • 出版社相关作品

书目信息

  • 表格格式
  • 工作单格式
  • 卡片格式
题名:
世界科学译刊
    
 
作者: ;《世界科学译刊》编辑部 编
分册: 1979年10期  
出版信息: 上海   上海科学技术出版社  1979
页数: 80页
开本: 26cm
丛书名:
单 册:
中图分类: N56
科图分类:
主题词: 自然科学--丛书 , 自然科学--文集 , 自然科学--连续出版物
电子资源:
ISBN:
000 00679nam0 2200217 450
001 0636401966
005 20060523101646.59
010    @dCNY0.38
100    @a20060523d1979 km y0chiy0120 ea
101 0  @achi
102    @aCN@b310000
200 1  @a世界科学译刊@Ashi jie ke xue yi kan@h1979年10期@f《世界科学译刊》编辑部编@F《shi jie ke xue yi kan》bian ji bu bian
210    @a上海@c上海科学技术出版社@d1979
215 1  @a80页@d26cm
606 0  @a自然科学@x丛书
606 0  @a自然科学@x文集
606 0  @a自然科学@x连续出版物
690    @aN56@v4
711  0 @a《世界科学译刊》编辑部@A《shi jie ke xue yi kan》bian ji bu@4编
801  0 @aCN@bPFT@c20060523
905    @a10447@dN56@e10/79
    
    世界科学译刊.1979年10期/《世界科学译刊》编辑部编.-上海:上海科学技术出版社,1979
    80页;26cm
    
    
    ISBN :CNY0.38
    
●
相关链接 在E读中查询图书 在五车中查询图书 在当当中查询图书 在豆瓣中查询图书


正题名:世界科学译刊     索取号:N56/10/79         预约/预借

序号 登录号 条形码 馆藏地/架位号 状态 备注
1 0021713   202376482   密集书库/ [索取号:N56/10/79] 在馆    
唐山师范学院图书馆 欢迎您!
大连网信软件有限公司© 版权所有